000 00633nam a2200217 a 4500
001 12911
003 BD-JhCC
005 20230603194710.0
008 230603s2023 b |||| |||| 000 0 b d
020 _a9789849743996
035 _a(BD-JhCC)12911
040 _aBD-JhCC
_dBD-JhCC
041 _aben
082 _a891.44
_bHAS 2023
100 _aহাসান, সেতারা
245 _aবিচূর্ণ হীরক কণা /
_cসেতারা হাসান
260 _aঢাকা :
_c২০২৩
300 _a২১৫ পৃ. :
_c২১ সেমি.
650 _aBenglai Fiction
942 _2ddc
_cBK
999 _c12911
_d12911